000 01252nam a22003131a 4500
001 000019829
005 20200120222036.0
008 011220s1990 mx a gr 000 0 spa d
020 _a968243663X
082 0 4 _a636.3
_bO84
245 0 0 _aOvinos /
_cbasado en el trabajo de : Johan H. Koeslag; con la colaboración de : F. Kirchner Salinas... [et al] ; redaccion y revisión de : F. Orozco Luna, Johan D. Berlijn.
250 _a2a. ed.
260 _aMéxico :
_bTrillas,
_c1990.
300 _a94p. :
_bil.
490 0 _aManuales para educación agropecuaria : producción animal.
_v3
500 _aEjemplar En Biblioparque Funza: Colección Proveniente De La Antigua Biblioteca Municipal, Centro Cultural Bacatá, Funza (Cundinamarca). ; 1a. ed., 6a. reimpresión 1988, Con ISBN. 968241170x.
500 _aLibro donado por la Secretaría de Educación de Bogotá
500 _a5a. reimpresión de 1999
650 1 4 _aOvejas
650 2 4 _aGanado lanar.
650 2 4 _aHábitos alimentación de los animales.
650 2 4 _aLana.
650 2 4 _aEstablos.
650 2 4 _aReproducción animal.
700 1 _aKoeslag, Johan M.
700 1 _aKirchner Salinas, F.
700 1 _aOrozco Luna F.,
_erevisor.
700 1 _aBerlijn, Johan D.,
_erevisor.
999 _c1162
_d1162